ბათუმის შოთა რუსთაველის სახელმწიფო უნივერსიტეტის ბიბლიოთეკა

რკინაბეტონის კონსტრუქციების გაანგარიშების მაგალითები: მეთოდური მითითებები, ნაწ. 3 (ბიბ.ჩანაწერი № 39177)

000 -LEADER
fixed length control field 01042nam a2200217Ia 4500
001 - CONTROL NUMBER
control field 5761
003 - CONTROL NUMBER IDENTIFIER
control field GE_BSU
008 - FIXED-LENGTH DATA ELEMENTS--GENERAL INFORMATION
fixed length control field 181216s||||||||xx |||||||||||||| ||und||
040 ## - CATALOGING SOURCE
Transcribing agency GE_BSU
080 ## - UNIVERSAL DECIMAL CLASSIFICATION NUMBER
Universal Decimal Classification number 624.012.4(072)
100 ## - MAIN ENTRY--PERSONAL NAME
Personal name ი. ტაბატაძე, გ. ჯაფარიძე, ვ. ჩხეიძე
245 ## - TITLE STATEMENT
Title რკინაბეტონის კონსტრუქციების გაანგარიშების მაგალითები: მეთოდური მითითებები, ნაწ. 3
245 ## - TITLE STATEMENT
Statement of responsibility, etc. რედ. ე. გიორგიძე
260 ## - PUBLICATION, DISTRIBUTION, ETC.
Place of publication, distribution, etc. თბილისი
260 ## - PUBLICATION, DISTRIBUTION, ETC.
Name of publisher, distributor, etc. სპი
260 ## - PUBLICATION, DISTRIBUTION, ETC.
Date of publication, distribution, etc. 1980
300 ## - PHYSICAL DESCRIPTION
Extent 108 გვ. ნახაზ. 20სმ.
300 ## - PHYSICAL DESCRIPTION
Accompanying material ბიბლიოგრაფია გვ.105
653 ## - INDEX TERM--UNCONTROLLED
Uncontrolled term რკინაბეტონის კონსტრუქციების გაანგარიშების მაგალითები: მეთოდური მითითებები
942 ## - ADDED ENTRY ELEMENTS (KOHA)
Koha item type წიგნი

არაა ხელმისაწვდომი ეგზემპლარები.